000 00589nam a2200229Ia 4500
003 OSt
005 20220924145850.0
006 a|||||r|||| 00| 0
007 ta
008 220923b |||||||| |||| 00| 0 tel d
024 _a330574
037 _cTextual
040 _aARTS
_cARTS
_btel
041 _2tel
_atel
082 _aO156,3N08,13, J6.1
100 _aJayabhikkhu Au.
_9220705
245 0 _aVikramaditya hemu
260 _c1956
650 _aGUJRATI LITERATURE
942 _hO156,3N08,13, J6.1
_cTEXL
_2CC
999 _c461378
_d461378